[Event "Tal Memorial Blitz 2014"]
[Site "Sochi RUS"]
[Date "2014.11.14"]
[Round "12.3"]
[White "Mamedyarov,S"]
[Black "Leko,P"]
[Result "1-0"]
[WhiteElo "2757"]
[BlackElo "2731"]

1.e4 e5 2.Nc3 Nf6 3.g3 d5 4.exd5 Nxd5 5.Bg2 Nxc3 6.bxc3 Nc6 7.Nf3 Bc5 8.O-O O-O
9.d3 Bb6 10.a4 Re8 11.Re1 a6 12.Be3 Ba5 13.Bd2 h6 14.Rb1 Bb6 15.Be3 Ba5 16.Bd2 Bb6
17.Nh4 Qd6 18.Qh5 Bd7 19.Be4 Qf6 20.Re2 Nd8 21.Ra1 a5 22.Kg2 Rb8 23.Rf1 Ne6
24.f4 exf4 25.Bxf4 Qe7 26.Bxh6 Bc6 27.Qg4 Bxe4+ 28.Rxe4 g6 29.Nxg6 fxg6 30.Qxg6+ Kh8
31.Rxe6  1-0

[Event "Tal Memorial Blitz 2014"]
[Site "Sochi RUS"]
[Date "2014.11.14"]
[Round "13.2"]
[White "Inarkiev,E"]
[Black "Mamedyarov,S"]
[Result "1/2-1/2"]
[WhiteElo "2688"]
[BlackElo "2757"]

1.d4 d5 2.c4 c6 3.Nf3 Nf6 4.e3 Bg4 5.Nc3 e6 6.h3 Bh5 7.g4 Bg6 8.Ne5 Nbd7
9.Nxg6 hxg6 10.a3 g5 11.Bd2 Bd6 12.Qf3 Qe7 13.O-O-O O-O-O 14.Kb1 Kb8 15.e4 dxe4
16.Nxe4 Nxe4 17.Qxe4 Qf6 18.Be3 Bf4 19.Bg2 Nb6 20.Qc2 Rd7 21.Rd3 Rhd8 22.Rhd1 Qg6
23.a4 Nc8 24.Ka1 e5 25.Qc3 exd4 26.Bxf4+ gxf4 27.Rxd4 Rxd4 28.Rxd4 Rxd4 29.Qxd4 Qd6
30.Qxd6+ Nxd6 31.c5 Nc4 32.b3 Ne5 33.Bf1 a5 34.Kb2 Nd7 35.g5 Nxc5 36.Bc4 Ne4
37.h4 f6 38.f3 fxg5 39.fxe4 gxh4 40.Be6 f3 41.Kc2 f2 42.Bh3 Kc7 43.e5 b5
44.Kd2 g5 45.Ke2 c5 46.axb5 c4 47.bxc4  1/2-1/2

[Event "Tal Memorial Blitz 2014"]
[Site "Sochi RUS"]
[Date "2014.11.14"]
[Round "14.2"]
[White "Mamedyarov,S"]
[Black "Nepomniachtchi,I"]
[Result "0-1"]
[WhiteElo "2757"]
[BlackElo "2714"]

1.d4 Nf6 2.c4 g6 3.g3 c6 4.Bg2 d5 5.cxd5 cxd5 6.Nc3 Bg7 7.Nf3 O-O 8.O-O Nc6
9.Ne5 e6 10.Bf4 Nd7 11.Nxc6 bxc6 12.Qd2 Re8 13.Rac1 e5 14.dxe5 Nxe5 15.b3 Bg4
16.h3 Bf5 17.Rfe1 Qd7 18.Kh2 Rad8 19.Bxe5 Rxe5 20.e4 Bxh3 21.exd5 Rh5 22.Rh1 Bh6
23.f4 cxd5 24.Kg1 Bg7 25.Bf3 Bg4 26.Rxh5 Bxf3 27.Rh2 Qg4 28.Kf2 Bf6 29.Re1 Rc8
30.Re3 d4 31.Rxf3 dxc3 32.Qc2 Qf5 33.Kf1 Qd5 34.Rd3 Qc5 35.Re2 Kg7 36.Re4 Qh5
37.Kg2 Qf5 38.Rc4 Rxc4 39.bxc4 Qe4+ 40.Kh2 Qxc4 41.Rd7 Qc6 42.Rxa7 Bd4 43.Re7 Qf6
44.Qe2  0-1

[Event "Tal Memorial Blitz 2014"]
[Site "Sochi RUS"]
[Date "2014.11.14"]
[Round "15.1"]
[White "Kosteniuk,A"]
[Black "Mamedyarov,S"]
[Result "0-1"]
[WhiteElo "2541"]
[BlackElo "2757"]

1.e4 c6 2.d4 d5 3.e5 Bf5 4.Nf3 e6 5.Be2 Ne7 6.O-O Bg6 7.Nbd2 Nf5 8.Nb3 Nd7
9.Bd2 Be7 10.a4 a6 11.Ne1 c5 12.Nxc5 Nxd4 13.Nxd7 Nxe2+ 14.Qxe2 Qxd7 15.Nd3 Rc8
16.Rfc1 Rc4 17.b3 Re4 18.Qf1 O-O 19.f3 Rh4 20.g3 Rh5 21.g4 Rh4 22.Be1 Rh6
23.Bd2 Rh4 24.Be1 Rc8 25.Bxh4 Bxh4 26.Qg2 Rc3 27.g5 Qe7 28.f4 Qc7 29.Qd2 Be4
30.a5 h6 31.gxh6 gxh6 32.Qe2 Bxd3 33.Qg4+ Kh7 34.Qxh4 Qc5+ 35.Qf2 Qc8 36.Rd1 Be4
37.Rd2 Qg8+  0-1

[Event "Tal Memorial Blitz 2014"]
[Site "Sochi RUS"]
[Date "2014.11.14"]
[Round "16.3"]
[White "Morozevich,A"]
[Black "Mamedyarov,S"]
[Result "1-0"]
[WhiteElo "2724"]
[BlackElo "2757"]

1.e4 e5 2.Nf3 Nc6 3.Bb5 a6 4.Ba4 Nf6 5.d3 d6 6.c3 g6 7.Bg5 Bg7 8.Nbd2 h6
9.Bh4 O-O 10.O-O Bd7 11.Re1 Re8 12.Nf1 Qc8 13.Ne3 Ne7 14.Bc2 Nh5 15.d4 Nc6
16.Qd2 exd4 17.Nxd4 Ne5 18.Rad1 b5 19.Nd5 Kh7 20.Bb3 Rb8 21.Ne3 c5 22.Ne2 Bf8
23.f4 c4 24.Bc2 Ng4 25.Nxg4 Bxg4 26.h3 Bxe2 27.Rxe2 b4 28.cxb4 d5 29.Qxd5 Nxf4
30.Qxf7+ Bg7 31.Qxf4  1-0

[Event "Tal Memorial Blitz 2014"]
[Site "Sochi RUS"]
[Date "2014.11.14"]
[Round "17.3"]
[White "Mamedyarov,S"]
[Black "Kramnik,V"]
[Result "1-0"]
[WhiteElo "2757"]
[BlackElo "2760"]

1.e4 e5 2.Nc3 Nf6 3.g3 d5 4.exd5 Nxd5 5.Bg2 Nf6 6.d3 Nc6 7.Nf3 Bc5 8.O-O O-O
9.a3 Re8 10.Re1 h6 11.h3 a6 12.b4 Ba7 13.Be3 Bxe3 14.Rxe3 Bf5 15.Nh4 Bh7
16.Bxc6 bxc6 17.Nf3 a5 18.Nxe5 axb4 19.axb4 Rxa1 20.Qxa1 Qd6 21.Qa2 Bg6 22.Qa5 Rb8
23.Nxg6 fxg6 24.Ne4 Nxe4 25.Rxe4 Kh7 26.h4 Rb5 27.Qa8 g5 28.h5 g4 29.Qe8 Rg5
30.Qf7 Qd5 31.Qxd5 cxd5 32.Re7 c6 33.Rc7 Rxh5 34.Rxc6 d4 35.Rd6  1-0

[Event "Tal Memorial Blitz 2014"]
[Site "Sochi RUS"]
[Date "2014.11.14"]
[Round "18.3"]
[White "Svidler,P"]
[Black "Mamedyarov,S"]
[Result "1-0"]
[WhiteElo "2743"]
[BlackElo "2757"]

1.Nf3 Nf6 2.c4 c6 3.b3 d5 4.Bb2 g6 5.g3 Bg7 6.Bg2 O-O 7.O-O a5 8.cxd5 cxd5
9.Nc3 Nc6 10.Rc1 d4 11.Na4 Re8 12.Rxc6 bxc6 13.Nxd4 Nd5 14.Nxc6 Qd6 15.Bxg7 Kxg7
16.Qa1+ Nf6 17.Qc3 Bb7 18.Nb6 Ra6 19.Nc4 Qe6 20.N4xa5 Bxc6 21.Nxc6 Rxa2 22.Bf3 Rc8
23.b4 Qd6 24.d3 Rxe2 25.Bxe2 Rxc6 26.Qb2 Qc7 27.Bf3 Rc2 28.Qd4 e5 29.Qe3 Rb2
30.Qc5 Qxc5 31.bxc5 Rc2 32.c6 Rc3 33.Bg2 Ne8 34.Rb1 Nc7 35.Be4 Ne6 36.Rb7 Kf6
37.Bd5 Rc5 38.Rd7 h5 39.h4 Rc3 40.Kf1 Rc2 41.Ke1 Rc5 42.Kd2 Ra5 43.Kc3 Rc5+
44.Kb4 Rc1 45.Bc4 Rb1+ 46.Ka5 Rb8 47.c7 Rc8 48.Kb6 Rf8 49.Bxe6  1-0

[Event "Tal Memorial Blitz 2014"]
[Site "Sochi RUS"]
[Date "2014.11.14"]
[Round "19.3"]
[White "Mamedyarov,S"]
[Black "Tomashevsky,E"]
[Result "1-0"]
[WhiteElo "2757"]
[BlackElo "2714"]

1.e4 c6 2.d3 d5 3.Nd2 e5 4.g3 Nf6 5.Bg2 Bg4 6.Ngf3 dxe4 7.dxe4 Nbd7 8.O-O Be7
9.c3 O-O 10.h3 Bh5 11.Qc2 Re8 12.Re1 Qc7 13.Nh4 Nc5 14.Nb3 Rad8 15.Be3 Nfd7
16.Nf5 Bf8 17.Bf1 Ne6 18.a4 a5 19.Nd2 Bc5 20.Nc4 Bxe3 21.Rxe3 Ndc5 22.Be2 Bxe2
23.Qxe2 g6 24.Nh6+ Kg7 25.Ng4 h5 26.Nh2 Nb3 27.Re1 b5 28.axb5 cxb5 29.Na3 b4
30.Nb5 Qb6 31.Nf3 bxc3 32.bxc3 Rb8 33.Na3 Qc5 34.Nc4 f6 35.Rd3 Red8 36.Ne3 Qc6
37.Nd5 Nbc5 38.Rdd1 Qb5 39.Qe3 a4 40.Nh4 Qe8 41.f4 exf4 42.gxf4 Nd7 43.f5 Ng5
44.fxg6 Qe5 45.Ne7 Kf8 46.Nhf5 Re8 47.Rxd7  1-0

[Event "Tal Memorial Blitz 2014"]
[Site "Sochi RUS"]
[Date "2014.11.14"]
[Round "20.3"]
[White "Grischuk,A"]
[Black "Mamedyarov,S"]
[Result "1-0"]
[WhiteElo "2795"]
[BlackElo "2757"]

1.d4 d5 2.c4 c6 3.Nf3 Nf6 4.e3 Bg4 5.h3 Bh5 6.g4 Bg6 7.Ne5 Nbd7 8.Nxg6 hxg6
9.Bg2 e6 10.O-O Bd6 11.Nd2 Qe7 12.Re1 g5 13.e4 dxe4 14.Nxe4 Nxe4 15.Rxe4 Nf8
16.d5 cxd5 17.cxd5 e5 18.Qa4+ Nd7 19.Re1 a6 20.Be3 Rc8 21.a3 O-O 22.Rac1 Nc5
23.Qd1 e4 24.Bd4 Be5 25.Rc4 Bxd4 26.Rxd4 Qd6 27.Bxe4 Rfe8 28.b4 Nxe4 29.Rdxe4 Rxe4
30.Rxe4 Rc3 31.Kg2 g6 32.Re8+ Kg7 33.Qd4+ Qf6 34.Rg8+  1-0

[Event "Tal Memorial Blitz 2014"]
[Site "Sochi RUS"]
[Date "2014.11.14"]
[Round "21.3"]
[White "Mamedyarov,S"]
[Black "Gelfand,B"]
[Result "1/2-1/2"]
[WhiteElo "2757"]
[BlackElo "2759"]

1.d4 Nf6 2.c4 g6 3.Nf3 Bg7 4.g3 c6 5.Bg2 d5 6.cxd5 cxd5 7.Ne5 Ne4 8.Nd2 Nd7
9.Nxd7 Qxd7 10.Nxe4 dxe4 11.Bxe4 Qxd4 12.Qxd4 Bxd4 13.O-O Bh3 14.Rd1 O-O-O
15.Bf4 Bxb2 16.Bxb7+ Kxb7 17.Rdb1 Rd1+ 18.Rxd1 Bxa1 19.Rxa1  1/2-1/2

[Event "Tal Memorial Blitz 2014"]
[Site "Sochi RUS"]
[Date "2014.11.14"]
[Round "22.3"]
[White "Karjakin,Sergey"]
[Black "Mamedyarov,S"]
[Result "0-1"]
[WhiteElo "2770"]
[BlackElo "2757"]

1.e4 e5 2.Nf3 Nf6 3.Nxe5 d6 4.Nf3 Nxe4 5.Nc3 Nxc3 6.dxc3 Be7 7.Be3 Nc6 8.Qd2 Be6
9.O-O-O Qd7 10.Kb1 h6 11.Nd4 Nxd4 12.Bxd4 O-O 13.Rg1 Rad8 14.g4 Rfe8 15.g5 h5
16.Qf4 Bg4 17.f3 Bf5 18.Bd3 Bxd3 19.Rxd3 Bf8 20.b3 Qe6 21.Bf6 Rc8 22.c4 Kh7
23.Bc3 Qg6 24.Rg2 Re6 25.Rd5 Rce8 26.Rf5 Kg8 27.Kb2 c6 28.h4 Re2 29.Rxe2 Rxe2
30.b4 a5 31.bxa5 d5 32.cxd5 cxd5 33.Kb3 Bc5 34.a4 d4 35.Rxc5 Qxc2+ 36.Kb4 dxc3
37.Rc8+ Kh7 38.Rxc3 Qb1+ 39.Rb3 Qe1+ 40.Kb5 Re5+ 41.Kb6 Qxa5+ 42.Kxb7 Re7+
43.Kc6 Re6+ 44.Kb7 Qd5+ 45.Kc7 Re7+ 46.Kc8 Qd7+  0-1

[Event "Qatar Masters Open 2014"]
[Site "Doha QAT"]
[Date "2014.11.27"]
[Round "2.2"]
[White "Ganguly,S"]
[Black "Mamedyarov,S"]
[Result "1/2-1/2"]
[WhiteElo "2615"]
[BlackElo "2757"]

1.e4 e5 2.Nf3 Nc6 3.Bc4 g6 4.d4 exd4 5.Nxd4 Bg7 6.Nxc6 bxc6 7.O-O Ne7 8.Nc3 O-O
9.Bg5 d6 10.Qd2 Be6 11.Bb3 Qd7 12.Rfe1 Rfe8 13.Ba4 f6 14.Be3 Nc8 15.Qd3 Nb6
16.Bb3 c5 17.Bxe6+ Qxe6 18.Rad1 f5 19.exf5 Qxf5 20.Qxf5 gxf5 21.Nb5 Rec8
22.b3 a6 23.Na3 a5 24.Nb5 a4 25.c4 Nd7 26.Bf4 Ne5 27.Bxe5 Bxe5 28.g3 axb3
29.axb3 Ra2 30.f4 Bf6 31.Rd5 Rb2 32.Rxf5 Kg7 33.g4 h6 34.Kf1 Rxh2 35.Re2 Rh3
36.Re6 Bh4 37.Rh5 Ra8 38.Rexh6 Ra1+ 39.Kg2 Rg3+ 40.Kh2 Ra2+ 41.Kh1  1/2-1/2

[Event "Qatar Masters Open 2014"]
[Site "Doha QAT"]
[Date "2014.11.28"]
[Round "3.8"]
[White "Mamedyarov,S"]
[Black "Anton Guijarro,D"]
[Result "1-0"]
[WhiteElo "2757"]
[BlackElo "2607"]

1.d4 Nf6 2.c4 b6 3.Nc3 Bb7 4.Qc2 d5 5.Bg5 dxc4 6.Rd1 h6 7.Bxf6 exf6 8.e4 b5
9.Nxb5 Bb4+ 10.Nc3 O-O 11.d5 f5 12.Bxc4 fxe4 13.a3 Bxc3+ 14.Qxc3 Nd7 15.Ne2 Nb6
16.O-O Qd6 17.Rfe1 f5 18.Bb3 Bxd5 19.Nd4 Qf6 20.Bxd5+ Nxd5 21.Qc4 Qf7 22.Nxf5 Qxf5
23.Qxd5+ Qxd5 24.Rxd5 Rad8 25.Red1 Rb8 26.b4 Rb6 27.Rc1 Rf7 28.h3 Kh7 29.Ra5 a6
30.Re5 Rd6 31.Rxe4 Rd2 32.f3 Ra2 33.Rc3 Rd7 34.Rg4 Rd1+ 35.Kh2 Rd7 36.h4 Re7
37.Kh3 Rd7 38.h5 c6 39.Rgc4 Rd6 40.Rc5 Rd1 41.g3 Rd6 42.Ra5 Rd4 43.f4 Rd5
44.Rxd5 cxd5 45.Kg4 Re2 46.Rd3 a5 47.Rxd5 axb4 48.axb4 Rb2 49.Rb5 Rb3 50.Rb8 Rc3
51.b5 Rb3 52.b6 Rc3 53.Rd8 Rb3 54.Rd6 Rb5 55.Rc6 Kg8 56.Kf3 Rb4 57.Ke3  1-0

[Event "Qatar Masters Open 2014"]
[Site "Doha QAT"]
[Date "2014.11.29"]
[Round "4.3"]
[White "Dubov,Daniil"]
[Black "Mamedyarov,S"]
[Result "0-1"]
[WhiteElo "2629"]
[BlackElo "2757"]

1.d4 f5 2.Nf3 Nf6 3.Bg5 e6 4.Nbd2 d5 5.e3 Bd6 6.c4 c6 7.Be2 O-O 8.O-O Nbd7
9.Qc2 Qe7 10.cxd5 cxd5 11.Rac1 Nb6 12.Bf4 Bxf4 13.exf4 Bd7 14.Qc5 Nc8 15.Ne5 Nd6
16.Qa3 Rfc8 17.Rc5 Be8 18.Rfc1 Kf8 19.f3 b6 20.Nc6 Bxc6 21.Rxc6 Rxc6 22.Rxc6 Rd8
23.Ba6 Nde8 24.Qe3 Qb4 25.Qc3 Qa4 26.Bf1 Nd6 27.a3 Nfe8 28.Nb1 Qd1 29.Qd3 Qe1
30.Nd2 Rc8 31.Rxc8 Nxc8 32.Qe2 Qc1 33.Nb3 Qc6 34.Qd2 Ne7 35.Na1 Nd6 36.Nc2 a5
37.Kf2 Ke8 38.Bd3 Kd7 39.Qe1 Qa4 40.Qc3 Nb5 41.Bxb5+ Qxb5 42.b3 a4 43.bxa4 Qxa4
44.Nb4 h6 45.Ke1 g5 46.fxg5 hxg5 47.Kd2 f4 48.Nd3 Nc6 49.Nb4 Na5 50.Nc2 Qb5
51.Qd3 Nc4+ 52.Ke2 Qb2 53.g3 Ne3 54.Kd2 Nxc2  0-1

[Event "Qatar Masters Open 2014"]
[Site "Doha QAT"]
[Date "2014.11.30"]
[Round "5.1"]
[White "Mamedyarov,S"]
[Black "Giri,A"]
[Result "0-1"]
[WhiteElo "2757"]
[BlackElo "2776"]

1.c4 Nf6 2.Nc3 e5 3.g3 Bb4 4.Bg2 O-O 5.e4 Bxc3 6.bxc3 Re8 7.d3 c6 8.Ne2 d5
9.cxd5 cxd5 10.exd5 Nxd5 11.Rb1 Nc6 12.O-O Bg4 13.f3 Bf5 14.Rxb7 Nb6 15.f4 e4
16.Qb3 Be6 17.Qb5 exd3 18.Rxb6 dxe2 19.Re1 Bc4 20.Qxc6 Qd1 21.Kf2 Rad8  0-1

[Event "Qatar Masters Open 2014"]
[Site "Doha QAT"]
[Date "2014.12.01"]
[Round "6.6"]
[White "Ivanisevic,I"]
[Black "Mamedyarov,S"]
[Result "1-0"]
[WhiteElo "2643"]
[BlackElo "2757"]

1.d4 f5 2.c4 Nf6 3.Nc3 d6 4.Bg5 Nbd7 5.Qc2 g6 6.Nh3 e5 7.dxe5 Nxe5 8.Nd5 Bg7
9.Nhf4 c6 10.Nxf6+ Bxf6 11.Bxf6 Qxf6 12.e3 g5 13.Nd3 Be6 14.h4 gxh4 15.Nxe5 dxe5
16.O-O-O O-O 17.Qc3 Kg7 18.f4 exf4 19.exf4 Qxc3+ 20.bxc3 Rad8 21.Rxh4 Rxd1+
22.Kxd1 Rd8+ 23.Kc2 c5 24.Bd3 Rg8 25.Rh5 Kf6 26.Rh6+ Rg6 27.Rxg6+ hxg6 28.Kd2 Ke7
29.Ke3 Kd6 30.Kf3 Bd7 31.Kg3 Bc6 32.Bf1 Be4 33.Kh4 Bb1 34.a3 Kc6 35.Kg5 Kb6
36.Kxg6 Ka5 37.g3 Ka4 38.Bh3 Bd3 39.Bxf5 Bxc4 40.Bd7+ Kxa3 41.f5 b5 42.f6 b4
43.cxb4 Kxb4 44.g4  1-0

[Event "Qatar Masters Open 2014"]
[Site "Doha QAT"]
[Date "2014.12.02"]
[Round "7.21"]
[White "Mamedyarov,S"]
[Black "Donchenko,Alexa"]
[Result "1-0"]
[WhiteElo "2757"]
[BlackElo "2523"]

1.g3 c5 2.Bg2 Nc6 3.f4 g6 4.Nf3 Bg7 5.e4 e6 6.Nc3 Nge7 7.e5 d6 8.exd6 Nf5
9.Ne4 b6 10.Ne5 Nxe5 11.fxe5 Bxe5 12.Nxc5 Rb8 13.Ne4 Nxd6 14.Nf2 Nf5 15.c3 Bb7
16.Bxb7 Rxb7 17.d4 Bg7 18.Qf3 Rd7 19.Bf4 O-O 20.O-O Re8 21.Rae1 h5 22.h3 Rd5
23.Ne4 f6 24.g4 hxg4 25.hxg4 Nh4 26.Qf2 g5 27.Bxg5 Rxg5 28.Qxh4 Rg6 29.Kf2 Kf7
30.Ke3 e5 31.Qh5 exd4+ 32.cxd4 Qd7 33.Kd3 Qc6 34.Ng5+ Kg8 35.Qxg6 Qb5+ 36.Kc2 Re2+
37.Kd1  1-0

[Event "Qatar Masters Open 2014"]
[Site "Doha QAT"]
[Date "2014.12.03"]
[Round "8.10"]
[White "Romanov,E"]
[Black "Mamedyarov,S"]
[Result "1/2-1/2"]
[WhiteElo "2636"]
[BlackElo "2757"]

1.c4 b6 2.d4 Bb7 3.Nc3 e6 4.Nf3 Nf6 5.a3 d5 6.Bg5 Be7 7.cxd5 Nxd5 8.Bxe7 Qxe7
9.Qa4+ Kf8 10.Rc1 g6 11.Nxd5 Bxd5 12.Qc2 Bxf3 13.gxf3 Nd7 14.Qxc7 Kg7 15.f4 Rac8
16.Qxc8 Rxc8 17.Rxc8 Nc5 18.dxc5 Qb7 19.c6 Qxc8 20.Bg2 Qa6 21.Kd2 Qa5+ 22.Kc1 Qf5
23.Bf3 a5 24.Rd1 Qxf4+ 25.Kb1 Qxh2 26.Rd7 Qb8 27.Rb7 Qd8 28.Rd7 Qc8 29.Rb7 h5
30.Rxb6 h4 31.Rb3 Qc7 32.Rc3 Kf8 33.Kc2 h3 34.b4 axb4 35.axb4 Ke7 36.Rd3 Ke8
37.Kb3 g5 38.b5 f5 39.Bh5+ Kf8 40.Rxh3 Qe5 41.Rc3 Qxb5+ 42.Kc2 Qa4+ 43.Kb2 Qb4+
44.Kc2 Qe4+ 45.Kb2  1/2-1/2

[Event "Qatar Masters Open 2014"]
[Site "Doha QAT"]
[Date "2014.12.04"]
[Round "9.12"]
[White "Mamedyarov,S"]
[Black "Swiercz,D"]
[Result "1/2-1/2"]
[WhiteElo "2757"]
[BlackElo "2616"]

1.c4 Nf6 2.Nc3 e5 3.Nf3 Nc6 4.g3 d5 5.cxd5 Nxd5 6.Bg2 Nb6 7.O-O Be7 8.d3 O-O
9.a3 Be6 10.Be3 Nd5 11.Nxd5 Bxd5 12.Qa4 Re8 13.Rfc1 a6 14.Rc3 Rb8 15.Rac1 h6
16.Qg4 Bf8 17.Bc5 Bd6 18.Qh5 Qf6 19.e4 Be6 20.Be3 Rbd8 21.b4 Bd7 22.R3c2 Ra8
23.h4 Qe6 24.d4 exd4 25.Nxd4 Nxd4 26.Bxd4 Bc6 27.Rxc6 bxc6 28.Rxc6 Qd7 29.e5 Bxb4
30.e6 fxe6 31.Bxg7 Rad8 32.Kh2 Qxg7 33.Rc4 Bxa3 34.Rg4 Bb2 35.Bh3 Kh8 36.Rxg7 Bxg7
37.Qg6 Rf8 38.Bxe6  1/2-1/2

[Event "SportAccord Rapid 2014"]
[Site "Beijing CHN"]
[Date "2014.12.11"]
[Round "1.1"]
[White "Grischuk,A"]
[Black "Mamedyarov,S"]
[Result "1/2-1/2"]
[WhiteElo "2810"]
[BlackElo "2765"]

1.d4 Nf6 2.Bf4 c5 3.d5 Qb6 4.Nc3 e6 5.e4 Nxe4 6.Nf3 Qb4 7.g3 Nxc3 8.bxc3 Qxc3+
9.Bd2 Qf6 10.Bd3 h6 11.O-O d6 12.dxe6 Bxe6 13.Rb1 Be7 14.Rxb7 O-O 15.Bc1 Nc6
16.Bb2 Ne5 17.Nxe5 dxe5 18.Re1 Bd6 19.Be4 Rad8 20.Qe2 Rb8 21.Rxb8 Rxb8 22.Bc3 Qe7
23.a4 c4 24.Rd1 Qc7 25.Qf3 Bb4 26.Bxb4 Rxb4 27.Qc3 Rb8 28.Qe3 a5 29.h4 c3
30.Rd3 Rc8 31.Bd5 Bf5 32.Be4 Be6 33.Bd5 Bxd5 34.Rxd5 Qc4 35.Rxa5 Qb4 36.Rxe5 Qb1+
37.Kh2 Qxc2 38.a5 Qb1 39.a6 c2 40.Re8+ Rxe8 41.Qxe8+ Kh7 42.Qe4+ g6 43.a7 c1=Q
44.Qxb1 Qxb1 45.a8=Q  1/2-1/2

[Event "SportAccord Rapid 2014"]
[Site "Beijing CHN"]
[Date "2014.12.11"]
[Round "2.4"]
[White "Mamedyarov,S"]
[Black "Ivanchuk,V"]
[Result "1-0"]
[WhiteElo "2765"]
[BlackElo "2704"]

1.d4 Nf6 2.c4 g6 3.Nf3 Bg7 4.Nc3 d5 5.cxd5 Nxd5 6.Bg5 h6 7.Bd2 c5 8.Nxd5 Qxd5
9.Rc1 Nd7 10.Qc2 Qxa2 11.e4 Qe6 12.Bc4 Qb6 13.e5 e6 14.dxc5 Qxc5 15.O-O O-O
16.Rfe1 b5 17.Qe4 Qb6 18.Be3 Qb7 19.Bd3 a5 20.Qh4  1-0

[Event "SportAccord Rapid 2014"]
[Site "Beijing CHN"]
[Date "2014.12.11"]
[Round "3.3"]
[White "Vachier Lagrave,M"]
[Black "Mamedyarov,S"]
[Result "1/2-1/2"]
[WhiteElo "2758"]
[BlackElo "2765"]

1.e4 e5 2.Nf3 Nc6 3.Bb5 a6 4.Ba4 Nge7 5.O-O g6 6.c3 Bg7 7.d4 b5 8.Bb3 exd4
9.cxd4 d6 10.Nc3 O-O 11.h3 Na5 12.Bg5 h6 13.Bxe7 Qxe7 14.Nd5 Qd8 15.Rc1 c6
16.Nf4 Kh7 17.Bc2 c5 18.e5 dxe5 19.dxe5 Qxd1 20.Rfxd1 Nc4 21.Be4 Rb8 22.Nd3 Re8
23.Bd5 Bf5 24.Bxf7 Re7 25.Bxc4 bxc4 26.Nxc5 Rxb2 27.Nxa6 Ra7 28.Rd6 Rxa2
29.Nc5 Bf8 30.Rc6 Ra1 31.Rxa1 Rxa1+ 32.Kh2 c3 33.Nb3 Ra2 34.Rxc3 Rxf2 35.Nbd4 Be4
36.Rc7+ Kg8 37.Rc8 Kf7 38.Kg3 Rb2 39.Kf4 Bb7 40.e6+ Ke7 41.Rc7+ Ke8 42.Ke5 Be7
43.g4 Rb6 44.Rd7 Bc8 45.Rd5 Bb7 46.Rd7 Bc8 47.Rd5 Bb7 48.Rd7  1/2-1/2

[Event "SportAccord Rapid 2014"]
[Site "Beijing CHN"]
[Date "2014.12.11"]
[Round "4.3"]
[White "Mamedyarov,S"]
[Black "Leko,P"]
[Result "1/2-1/2"]
[WhiteElo "2765"]
[BlackElo "2723"]

1.g3 c5 2.Bg2 g6 3.e4 Nc6 4.d3 Bg7 5.Nc3 e6 6.f4 Nge7 7.e5 d6 8.exd6 Qxd6
9.Ne4 Qc7 10.Nf3 b6 11.O-O O-O 12.Qe2 Bb7 13.c3 Rad8 14.Be3 Rd7 15.Rad1 Rfd8
16.Rd2 Ba6 17.Rfd1 Nd5 18.Bf2 Nf6 19.Nxf6+ Bxf6 20.Qe4 Bb7 21.Qe2 Ne7 22.Re1 Ba6
23.Red1 Bb7 24.Re1 Ba6 25.Red1 Bb7  1/2-1/2

[Event "SportAccord Rapid 2014"]
[Site "Beijing CHN"]
[Date "2014.12.12"]
[Round "5.1"]
[White "Mamedyarov,S"]
[Black "Wang Hao"]
[Result "1/2-1/2"]
[WhiteElo "2765"]
[BlackElo "2710"]

1.d4 d5 2.c4 c6 3.Nf3 Nf6 4.g3 Bf5 5.Nc3 e6 6.Nh4 Bg6 7.Qb3 Qb6 8.c5 Qc7
9.Bf4 Qc8 10.Bg2 Nbd7 11.O-O Be7 12.Nxg6 hxg6 13.Qc2 O-O 14.b4 Re8 15.Rab1 Bd8
16.b5 Ba5 17.Rfc1 e5 18.dxe5 Nxe5 19.bxc6 bxc6 20.Qa4 Bxc3 21.Rxc3 g5 22.Be3 Neg4
23.Bh3 Qf5 24.Rf1 Qe5 25.Bd4 Qxe2 26.Qxc6 Qd2 27.Bxf6 Nxf6 28.Ra3 g4 29.Bg2 a5
30.Qb5 Rec8 31.c6 Qc2 32.Bxd5 Nxd5 33.Qxd5 Qxc6 34.Qxc6 Rxc6 35.Rd1 Rc4 36.Rd7 a4
37.Kg2 Re8 38.Ra7 Ree4 39.h3 gxh3+ 40.Kxh3 f6 41.f3 Re5 42.f4 Ree4 43.Kg4 Kh7
44.Kf5 Red4 45.Re3 Rc5+ 46.Kg4 f5+ 47.Kh3 Rc6 48.Re2 Rd3 49.Rae7 Rcc3 50.Rg2 Rc6
51.Rge2 Rcc3 52.Rg2 Rc6 53.Rge2  1/2-1/2

[Event "SportAccord Rapid 2014"]
[Site "Beijing CHN"]
[Date "2014.12.12"]
[Round "6.3"]
[White "Aronian,L"]
[Black "Mamedyarov,S"]
[Result "1/2-1/2"]
[WhiteElo "2797"]
[BlackElo "2765"]

1.Nf3 Nf6 2.c4 b6 3.d4 Bb7 4.g3 g6 5.Nc3 Bg7 6.d5 e6 7.Bg2 O-O 8.O-O exd5
9.cxd5 Re8 10.Nd4 Na6 11.Re1 Nc5 12.e4 Nxd5 13.Nxd5 Bxd5 14.Nf5 gxf5 15.exd5 Rxe1+
16.Qxe1 Qe8 17.Qd1 d6 18.Rb1 a5 19.Bf4 Qa4 20.Qxa4 Nxa4 21.Rc1 Ra7 22.b3 Nc3
23.Re1 Kf8 24.a4 Rb7 25.Bh3 Rb8 26.Bxf5 h6 27.Bd2 Nxd5 28.Be4 Ne7 29.Bf4 Ng6
30.Bd2 Re8 31.f4 Ne7 32.f5 Ng8 33.Kf1 Nf6 34.Bf3 Rxe1+ 35.Kxe1 Ke7 36.g4 Nd7
37.h4 Ne5 38.Be2 f6 39.Bf4 Kd7 40.Bxe5 dxe5 41.Kd2 Kd6 42.Bf3 Kc5 43.Kc3 Bf8
44.h5 c6 45.Be4 b5 46.Bf3 Kb6 47.Be4 Bb4+ 48.Kc2 Be1 49.Bg2 c5 50.axb5 Kxb5
51.Bf1+ Kc6 52.Kd3 Bh4 53.Kc4 Bg5 54.Bg2+ Kb6 55.Be4 Bh4 56.Bg2 Bg5 57.Be4 Bh4
58.Bg2  1/2-1/2

[Event "SportAccord Rapid 2014"]
[Site "Beijing CHN"]
[Date "2014.12.12"]
[Round "7.3"]
[White "Mamedyarov,S"]
[Black "Dominguez Perez,L"]
[Result "1-0"]
[WhiteElo "2765"]
[BlackElo "2726"]

1.d4 Nf6 2.c4 g6 3.Nc3 d5 4.Nf3 Bg7 5.cxd5 Nxd5 6.Bg5 Nxc3 7.bxc3 c5 8.Rc1 Qa5
9.Qd2 Bf5 10.e3 Nd7 11.Be2 Nf6 12.Qb2 Ne4 13.Qxb7 O-O 14.Qa6 Qxa6 15.Bxa6 Nxg5
16.Nxg5 Bf6 17.Nf3 Rfb8 18.O-O Rb2 19.Bc4 cxd4 20.cxd4 a5 21.h3 a4 22.Rfd1 a3
23.Bb3 Rc8 24.Rxc8+ Bxc8 25.g4 e6 26.g5 Be7 27.Ne5 Ba6 28.h4 Bd6 29.Nd7 Bb4
30.Rc1 Bb7 31.d5  1-0

[Event "SportAccord Blitz 2014"]
[Site "Beijing CHN"]
[Date "2014.12.13"]
[Round "1.4"]
[White "Mamedyarov,S"]
[Black "Wojtaszek,R"]
[Result "1-0"]
[WhiteElo "2765"]
[BlackElo "2744"]

1.c4 Nf6 2.Nc3 e6 3.Nf3 b6 4.Qc2 Bb7 5.e4 c5 6.b3 Nc6 7.Bb2 Nd4 8.Qd3 Nxf3+
9.gxf3 a6 10.O-O-O Nh5 11.Rg1 Qc7 12.Rg5 Nf4 13.Qe3 O-O-O 14.h4 Rg8 15.Na4 h6
16.Rg4 e5 17.d4 h5 18.dxe5 hxg4 19.Qxf4 gxf3 20.Qxf7 Rh8 21.Bh3 Rxh4 22.Rxd7 Rxd7
23.Qxf8+ Qd8 24.Nxb6+ Kc7 25.Qxc5+ Bc6 26.Bxd7 Rh6 27.e6  1-0

[Event "SportAccord Blitz 2014"]
[Site "Beijing CHN"]
[Date "2014.12.13"]
[Round "3.1"]
[White "Mamedyarov,S"]
[Black "Aronian,L"]
[Result "0-1"]
[WhiteElo "2765"]
[BlackElo "2797"]

1.d4 Nf6 2.c4 g6 3.Nc3 d5 4.Nf3 Bg7 5.cxd5 Nxd5 6.Bg5 Nxc3 7.bxc3 c5 8.Rc1 Qa5
9.Qd2 Nd7 10.e4 h6 11.Bf4 g5 12.Be3 O-O 13.h4 cxd4 14.Nxd4 Nf6 15.f3 Rd8
16.hxg5 hxg5 17.Bd3 Be6 18.Nxe6 fxe6 19.Qe2 Rac8 20.Bc4 Kf7 21.Kf2 Qe5 22.Rhd1 g4
23.Bd4 gxf3 24.Bxe5 fxe2 25.Rxd8 Rxd8 26.Kxe2 Nxe4 27.Bxg7 Kxg7 28.Bxe6 Rd6
29.Bb3 Nc5 30.Rf1 Nxb3 31.axb3 Rg6 32.Rf2 a5 33.Kd3 b5 34.Kd4 a4 35.bxa4 bxa4
36.Ra2 Kf6 37.Kd5 Rg5+ 38.Kc6 Ke6 39.c4 a3 40.c5 Rg3 41.Re2+ Kf6 42.Kc7 e5
43.c6 Ke6 44.Rc2 Rb3 45.Kd8 Rb8+ 46.Kc7 Rb2 47.Rc3 a2 48.Ra3 e4 49.Kc8 Ke7
50.c7 Rxg2 51.Kb7 Rb2+ 52.Kc6 Rc2+ 53.Kb6 Kd7 54.Ra8 e3 55.c8=Q+ Rxc8 56.Rxa2 Kd6
57.Re2 Rc3 58.Kb5 Kd5 59.Kb4 Kd4 60.Re1 Rc2 61.Kb3 Rd2 62.Rh1  0-1

[Event "SportAccord Blitz 2014"]
[Site "Beijing CHN"]
[Date "2014.12.13"]
[Round "4.4"]
[White "Gelfand,B"]
[Black "Mamedyarov,S"]
[Result "0-1"]
[WhiteElo "2743"]
[BlackElo "2765"]

1.d4 Nf6 2.c4 b6 3.Nc3 Bb7 4.Nf3 g6 5.d5 Bg7 6.e4 O-O 7.Bd3 e6 8.O-O d6 9.h3 Re8
10.Bf4 Nbd7 11.Re1 Nc5 12.Bc2 Nh5 13.Bh2 Bxc3 14.bxc3 e5 15.Qd2 a5 16.g4 Ng7
17.Bg3 f6 18.Qh6 Ba6 19.Nd2 Qe7 20.f4 exf4 21.Qxf4 Rf8 22.Rf1 Rae8 23.Rae1 Kh8
24.Kh2 Rf7 25.Qh6 Kg8 26.Rf2 Ref8 27.Ref1 Nd7 28.Bd3 Ne5 29.Be2 Kh8 30.Qe3 f5
31.c5 Bxe2 32.cxd6 cxd6 33.Qxe2 fxg4 34.Rxf7 Rxf7 35.Rxf7 Qxf7 36.hxg4 h5
37.Bxe5 dxe5 38.Qf3 Qe7 39.Qg3 h4 40.Qe3 Qa3 41.Nf3 Qxa2+ 42.Kh3 Qb1 43.Kxh4 a4
44.Kg5 Qh1 45.Kf6 Qh7 46.Ng5 Ne8+ 47.Ke6 Qc7 48.Nf7+ Kg8 49.Nh6+ Kh7 50.Nf7 Ng7+
51.Kf6 Ne8+ 52.Ke6 Kg8 53.Nh6+ Kh7 54.Nf7 Qc8+ 55.Ke7 Kg8 56.Nh6+ Kh7 57.Nf7 Kg8
58.d6 Ng7 59.d7 Qf8+ 60.Kf6 Qxf7+  0-1

[Event "SportAccord Blitz 2014"]
[Site "Beijing CHN"]
[Date "2014.12.13"]
[Round "5.6"]
[White "Mamedyarov,S"]
[Black "Grischuk,A"]
[Result "1-0"]
[WhiteElo "2765"]
[BlackElo "2810"]

1.d4 Nf6 2.c4 g6 3.Nc3 Bg7 4.Nf3 d5 5.cxd5 Nxd5 6.Bg5 c5 7.Rc1 Nxc3 8.bxc3 Qa5
9.Qd2 Bf5 10.e3 Nd7 11.Qb2 cxd4 12.exd4 O-O 13.Be2 Qb6 14.Qa3 e5 15.O-O Rfe8
16.Be3 Qc7 17.Rfd1 Bf8 18.Qa4 a6 19.d5 Bc5 20.Bxc5 Qxc5 21.Qh4 h5 22.Ng5 Nf6
23.c4 Kg7 24.h3 Rad8 25.Qg3 b6 26.Qc3 Ne4 27.Nxe4 Bxe4 28.Qg3 Kh7 29.Qh4 Bf5
30.Bxh5 Kg7 31.Bg4 Bxg4 32.hxg4 e4 33.Rc3 b5 34.g5 e3 35.fxe3 Rxe3 36.Qf2 Rde8
37.Rxe3 Rxe3 38.d6 Qe5 39.Qf6+  1-0